000 01068nam a2200277 i 4500
003 DO-SdBNP
005 20230920092239.0
007 ta
008 230920b2023 dr acd|| |||| 00| 0 spa d
020 _a9789945615760
040 _aDO-SdBNP
_bspa
_cBNPHU
_erda
082 4 _222
245 0 0 _aAprender a convivir en la escuela :
_bmanual de convivencia en los centros educativos de Fe y Alegría República Dominica /
_crevisión Sonia Adames, Fior Minyety ; corrección Aimara Vera
264 _aSanto Domingo :
_bFe y Alegría República Dominicana,
_c2023.
300 _a178 páginas :
_bilustraciones, retratos y diágramas ;
_c24 cm.
336 _2rdacontent
_atexto
_btxt
337 _2rdamedia
_asin mediación
_bn
338 _2rdacarrier
_avolumen
_bnc
500 _aIncluye referencias bibliográficas y notas al pie de las páginas
590 _aInventariado, 2023/BT
700 1 _aAdames, Sonia,
_erevisión
_978686
700 1 _aMinyety, Fior,
_erevisión
_984211
700 1 _aVera, Aimara,
_ecorrección
_977925
910 _aBtavárez
942 _2ddc
_cLBS1
999 _c54838
_d54838